000 00423nam a2200193Ia 4500
005 20250423100725.0
008 250422s9999 xx 000 0 und d
020 _a0-07-035892-3
050 _aPC4129.E5P86
100 _aKnorre
245 0 _aPuntos De Partida
250 _a4
260 _aNew York
260 _bMcgraw Hill Inc
260 _c1993
300 _a553 p
650 _aSpanish Language
942 _cBK
999 _c34161
_d34161